Landmark experiments in protein science / (Record no. 51304)

MARC details
000 -LEADER
fixed length control field 00489nam a2200181Ia 4500
005 - DATE AND TIME OF LATEST TRANSACTION
control field 20260429111906.0
008 - FIXED-LENGTH DATA ELEMENTS--GENERAL INFORMATION
fixed length control field 260429s9999||||xx |||||||||||||| ||und||
020 ## - INTERNATIONAL STANDARD BOOK NUMBER
International Standard Book Number 9781032458694
041 ## - LANGUAGE CODE
Language English
082 ## - DEWEY DECIMAL CLASSIFICATION NUMBER
Classification number 572.6
Item number LEC
100 ## - MAIN ENTRY--PERSONAL NAME
Personal name Leclair, Pascal
245 #0 - TITLE STATEMENT
Title Landmark experiments in protein science /
Statement of responsibility, etc Pascal Leclair
260 ## - PUBLICATION, DISTRIBUTION, ETC. (IMPRINT)
Place of publication, distribution, etc Boca Raton :
Name of publisher, distributor, etc CRC Press,
Date of publication, distribution, etc 2024.
300 ## - PHYSICAL DESCRIPTION
Extent xiii, 238 p.; pbk
650 ## - SUBJECT ADDED ENTRY--TOPICAL TERM
Topical term or geographic name as entry element Protein science
650 ## - SUBJECT ADDED ENTRY--TOPICAL TERM
Topical term or geographic name as entry element Biochemistry
942 ## - ADDED ENTRY ELEMENTS (KOHA)
Koha item type Text Books
Holdings
Withdrawn status Lost status Damaged status Not for loan Collection code Home library Location Shelving location Date of Cataloging Source of acquisition Total Checkouts Full call number Barcode Date last seen Price effective from Koha item type
        Non-fiction CUTN Central Library CUTN Central Library Sciences 29/04/2026 Shanti Books, Chennai - Invoice No. 3099 on 09-02-2026   572.6 LEC 56245 29/04/2026 29/04/2026 Text Books